=LDR 00000nam 2200000 4500 =001 NUTBA000000000000891 =005 20140403164525.0 =006 =007 =008 =020 ##$$a 978-979-010-639-0 =035 ##$$a 0010-041400000000161 =082 ##$$a 2x6.3 =090 ##$$a 2x6.3 Riv i =100 ##$$a Veithzal Rivai $c Prof. Dr.,M.B.A =245 ##$$a Islamic Economics $b Ekonomi syariah bukan opsi, tetapi solusi =250 ##$$a Ed. I =260 ##$$a Jakarta $b Bumi aksara $c 2009 =300 ##$$a xviii, 574 hlm $c 26 cm =650 ##$$a islamic ekonomics =700 ##$$a Andi Buchari $c Ir. M.M =990 ##$$a 92702/BPAP-NTB/2014